000 01137nam a22002537a 4500
999 _c12895
_d12895
003 AR-CdUCM
008 190410b ||||| |||| 00| 0 spa d
020 _a84-8387-045-2
040 _aMUNICIPALIDAD PROVINCIAL DEL CUSCO
_cBIBLIOTECA MUNICIPAL DEL CUSCO
082 _a985.0181 /
_bES74
100 _aEscandell-Tur, Neus
_931006
245 _aProducción y comercio de tejidos coloniales :
_bLos obrajes y chorrillos del Cuzco 1570-1820 /
260 _aCusco :
_b Centro de Estudios Regionales Andinos "Bartolomé de las Casas",
_c1997.
300 _a488 páginas ;
_bGráficos, ilustraciones, Imágenes,
_c24 cm.
440 _aArchivos de Historia Andina
_n23
_931007
505 _aContenido: Conceptualización de obraje, chorrillos y unidades domésticos indígenas -- Las grandes familias obrajeras del Cusco -- Obrajes-hacienda : sistemas de complementariedad -- Organización de la actividad textil ...
650 _aObrajes
_931008
650 _aÉpoca Colonial
_9645
650 _aPerú
_935
650 _aIndustria y artículos textiles
_931009
650 _aCusco
_9772
942 _2ddc
_cLIBROS
945 _acmm
_d2019-04-10